[Event "Adelaide Interclub-B"]
[Site "Adelaide"]
[Date "2008.05.06"]
[Round "2.4"]
[White "Beltsos, Michael"]
[Black "Sanders, Michael"]
[Result "0-1"]
[WhiteElo "1135"]
[BlackElo "1184"]
[PlyCount "142"]
[EventDate "2008.04.29"]
[EventType "team-tourn"]
[EventRounds "9"]
[EventCountry "AUS"]
[SourceTitle "EXT 2010"]
[Source "ChessBase"]
[SourceDate "2010.11.25"]
[SourceVersion "1"]
[SourceVersionDate "2010.11.25"]
[SourceQuality "1"]

1. c4 Nf6 2. b3 e5 3. Bb2 Nc6 4. Nc3 d5 5. cxd5 Nxd5 6. e4 Nf4 7. g3 Nd3+ 8. Bxd3 Qxd3 9. Qe2 Qxe2+ 10. Ngxe2 Bh3 11. 0-0-0 Nb4 12. d3 0-0-0 13. Nd5 Nxd5 14. exd5 Rxd5 15. Nc3 Rd7 16. Nb5 a6 17. Na3 Bc5 18. Nc4 f6 19. Ne3 Rhd8 20. Kc2 b5 21. g4 Bxe3 22. fxe3 Bxg4 23. Rd2 Bf5 24. Rhd1 Bg4 25. Rg1 Bf3 26. d4 c5 27. Rf1 Be4+ 28. Kc1 cxd4 29. exd4 exd4 30. Rf4 f5 31. Rf1 d3 32. Rg1 Rc7+ 33. Kd1 Bf3+ 34. Ke1 Re7+ 35. Kf2 Re2+ 36. Rxe2 Bxe2 37. Bc3 g6 38. Rc1 Kb7 39. Bd2 Rc8 40. Rxc8 Kxc8 41. Ke3 g5 42. h3 g4 43. hxg4 fxg4 44. Kf2 Kd7 45. Kg3 Ke6 46. Kf4 Kf6 47. Bc3+ Kg6 48. Kg3 Kf5 49. Bd2 Ke4 50. Kf2 h5 51. Kg3 h4+ 52. Kxh4 Kf3 53. Be1 d2 54. Bxd2 g3 55. Ba5 g2 56. Bb6 Ke4 57. Kg3 Bf1 58. Kf2 Kd3 59. Ba5 Kc2 60. a4 Kxb3 61. axb5 axb5 62. Bb6 Kc4 63. Ke1 b4 64. Kd2 Kb3 65. Ke1 Kc2 66. Kf2 b3 67. Bd4 b2 68. Bxb2 Kxb2 69. Kg1 Kc2 70. Kf2 Kd2 71. Kg1 Ke2 0-1

[Event "Adelaide Interclub-A"]
[Site "Adelaide"]
[Date "2002.05.28"]
[Round "4.4"]
[White "Mathews, Peter"]
[Black "Beltsos, Michael"]
[Result "1-0"]
[WhiteElo "1564"]
[BlackElo "1452"]
[PlyCount "55"]
[EventDate "2002.05.07"]
[EventType "team-tourn"]
[EventRounds "9"]
[EventCountry "AUS"]
[SourceTitle "EXT 2023"]
[Source "ChessBase"]
[SourceDate "2022.10.05"]
[SourceVersion "1"]
[SourceVersionDate "2022.10.05"]
[SourceQuality "1"]

1. d4 c5 2. d5 Nf6 3. c4 g6 4. Nc3 Bg7 5. e4 d6 6. Nf3 0-0 7. Be2 Nbd7 8. h3 a6 9. a4 b6 10. 0-0 Bb7 11. Be3 Ne8 12. Qd2 Ne5 13. Bh6 a5 14. Ne1 Ba6 15. b3 Bc8 16. Bxg7 Nxg7 17. f4 Nd7 18. Nf3 Qc7 19. Qe3 f5 20. e5 Ne8 21. e6 Ndf6 22. Kh2 Qb7 23. Nh4 Nc7 24. Rg1 Rb8 25. Bf3 Na6 26. g4 Kh8 27. gxf5 gxf5 28. Nxf5 1-0